000 00842nam a2200253Ia 4500
003 OSt
005 20220918171014.0
006 a|||||r|||| 00| 0
007 ta
008 220917b |||||||| |||| 00| 0 eng d
020 _a9781137299710 (hbk)
_c5521.44
024 _a281,105
037 _b136/2013-14, 26/03/2014, Pioneer Book Distributors
_cTextual
040 _aARTS
_cARTS
_beng
041 _2eng
_aeng
082 _aV55:192.N1, Q3
100 _aMyers Perry
_933060
245 0 _aGerman vision of India 1871-1918
_b Commandeering the holy ganges during the kaiserreich
260 _aNew York
_bPalgrave Macmillan USA
_c2013
300 _axiii,259p.
_ccm.
650 _aHISTORY
942 _hV55:192.N1, Q3
_cTEXL
_2CC
999 _c137223
_d137223